[Event "China zt 3.5 2014"]
[Site "Zhongshan CHN"]
[Date "2014.11.02"]
[Round "8.8"]
[White "Dai, Changren"]
[Black "Ju, Wenjun"]
[Result "0-1"]
[BlackTitle "WGM"]
[WhiteElo "2283"]
[BlackElo "2582"]
[WhiteFideId "8608156"]
[BlackFideId "8603006"]
[EventDate "2014.10.26"]

1. e4 c5 2. Nf3 Nc6 3. d4 cxd4 4. Nxd4 e6 5. Nc3 a6 6. Be3 Nf6 7. a3 Qc7 8. f4
d5 9. e5 Nd7 10. Qd2 Bc5 11. O-O-O O-O 12. Kb1 b5 13. Nxc6 Qxc6 14. Ne2 Bxe3 15.
Qxe3 Qc5 16. Nd4 b4 17. a4 Nb6 18. a5 Nc4 19. Bxc4 dxc4 20. Nf5 Qxa5 21. Ne7+
Kh8 22. Qf3 c3 23. Qxa8 cxb2 24. Kxb2 Qa3+ 25. Kb1 b3 26. cxb3 Qxb3+ 27. Ka1
Qa3+ 28. Kb1 Qxe7 29. Qb8 Bb7 30. Qd6 Be4+ 31. Ka1 Qe8 32. Rd4 Bxg2 33. Rc1 h6
34. Rc7 Qa8 35. Rdc4 Kh7 36. Qd3+ g6 37. Qd6 Bd5 38. Rc3 Kg7 39. Rd7 Be4 40.
Qxe6 Bf5 41. Qf6+ Kg8 42. Rd1 Qe4 43. Rb3 Qa4+ 44. Kb2 Be6 45. Rdd3 Bxb3 46.
Rxb3 Qd4+ 47. Ka2 Rc8 48. Rb2 Qd5+ 49. Kb1 a5 50. f5 Qe4+ 51. Ka2 Qc4+ 52. Kb1
Qf4 53. Ka2 Qc4+ 54. Kb1 Qd3+ 55. Ka2 Qd5+ 56. Kb1 Rd8 57. Rc2 Qb3+ 58. Kc1 Qa3+
59. Rb2 Qa1+ 0-1

[Event "China zt 3.5 2014"]
[Site "Zhongshan CHN"]
[Date "2014.11.02"]
[Round "8.9"]
[White "Wan, Yunguo"]
[Black "Lin, Chen"]
[Result "1/2-1/2"]
[WhiteTitle "IM"]
[BlackTitle "IM"]
[WhiteElo "2489"]
[BlackElo "2463"]
[WhiteFideId "8603189"]
[BlackFideId "8602298"]
[EventDate "2014.10.26"]

1. e4 c5 2. Nf3 e6 3. d4 cxd4 4. Nxd4 Nc6 5. Nc3 Qc7 6. Be2 a6 7. O-O b5 8. Nxc6
dxc6 9. e5 Qxe5 10. Bf3 Bb7 11. Re1 Qc7 12. Bh5 Be7 13. Rxe6 Nf6 14. Bg5 O-O 15.
Bf4 Qxf4 16. Rxe7 Bc8 17. Bf3 Bg4 18. Qc1 Qb4 19. Re3 Bxf3 20. Rxf3 Rad8 21. a3 1/2-1/2

[Event "China zt 3.5 2014"]
[Site "Zhongshan CHN"]
[Date "2014.11.02"]
[Round "8.10"]
[White "Ma, Zhonghan"]
[Black "Zhang, Xiaopeng"]
[Result "1-0"]
[WhiteElo "2471"]
[BlackElo "2228"]
[WhiteFideId "8607206"]
[BlackFideId "8604037"]
[EventDate "2014.10.26"]

1. d4 d5 2. c4 e6 3. Nc3 Nf6 4. Bg5 c6 5. e3 Nbd7 6. Nf3 Qa5 7. Nd2 Bb4 8. Qc2
O-O 9. Be2 e5 10. O-O exd4 11. Nb3 Qb6 12. exd4 dxc4 13. Bxc4 a5 14. Ne4 Nxe4
15. Qxe4 a4 16. a3 Bd6 17. Bd3 g6 18. Nd2 Qc7 19. Qh4 b6 20. Ne4 Re8 21. Rfe1
Bb7 22. Bc4 h5 23. Nxd6 Qxd6 24. Be7 Qc7 25. Re3 Ra5 26. Rf3 Ne5 27. Rxf7 1-0

[Event "China zt 3.5 2014"]
[Site "Zhongshan CHN"]
[Date "2014.11.02"]
[Round "8.11"]
[White "Xu, Xiangyu"]
[Black "Yuan, Qingyu"]
[Result "1/2-1/2"]
[WhiteElo "2152"]
[BlackElo "2358"]
[WhiteFideId "8608288"]
[BlackFideId "8609772"]
[EventDate "2014.10.26"]

1. e4 c5 2. Nf3 d6 3. d4 cxd4 4. Nxd4 Nf6 5. Nc3 a6 6. h3 e6 7. g4 d5 8. Bg2
dxe4 9. Nxe4 Nxe4 10. Bxe4 e5 11. Nf5 Qxd1+ 12. Kxd1 Nd7 13. Bg2 h5 14. Ne3 Nc5
15. Nd5 Rb8 16. g5 Be6 17. Nc7+ Kd7 18. Nxe6 Kxe6 19. Ke2 Be7 20. Rd1 Rhd8 21.
Be3 b5 22. h4 f5 23. b3 Rbc8 24. Rxd8 Rxd8 25. a4 b4 26. f3 Nd7 27. Bf1 Bc5 28.
Rd1 Rc8 29. Bxc5 Rxc5 30. Ke1 a5 31. Bb5 Nb6 32. Rd2 Ke7 33. Kf2 Nd5 34. Bc4 Nf4
35. Rd1 Rc7 36. Re1 Kd6 37. Rd1+ Ke7 38. Re1 Rc5 39. Rd1 Rc6 40. Re1 Rc5 1/2-1/2

[Event "China zt 3.5 2014"]
[Site "Zhongshan CHN"]
[Date "2014.11.02"]
[Round "8.12"]
[White "Jia, Haoxiang"]
[Black "Wang, Jue"]
[Result "0-1"]
[WhiteTitle "IM"]
[BlackTitle "WGM"]
[WhiteElo "2424"]
[BlackElo "2353"]
[WhiteFideId "8602999"]
[BlackFideId "8604070"]
[EventDate "2014.10.26"]

1. Nf3 Nf6 2. d4 g6 3. Bf4 Bg7 4. e3 d6 5. h3 O-O 6. Nbd2 b6 7. Bc4 Bb7 8. O-O
Nbd7 9. c3 Qe8 10. Bh2 Ne4 11. Nxe4 Bxe4 12. d5 Nf6 13. a4 c6 14. dxc6 Qxc6 15.
Qe2 Bxf3 16. gxf3 Qd7 17. Kg2 Rac8 18. Bb5 Qe6 19. Bg3 Nh5 20. Rfd1 Rc5 21. f4
Nf6 22. Qf3 Ne4 23. Bd3 f5 24. Qe2 a5 25. Bh4 h6 26. f3 Nf6 27. Bf2 Nh5 28. Rab1
Kh7 29. Be1 Rc7 30. Rdc1 Qb3 31. Bb5 Qf7 32. b4 e5 33. fxe5 Bxe5 34. bxa5 bxa5
35. c4 Qf6 36. Kh1 f4 37. e4 Ng3+ 38. Bxg3 fxg3 39. Kg2 Qe6 40. Rd1 Rf4 41. Ba6
Rcf7 42. Rb7 Rxb7 43. Bxb7 Rh4 44. Rh1 Qd7 45. Bd5 h5 46. Qd2 Qxa4 47. Rb1 Rf4
48. Rb7+ Kh6 49. c5 Qa3 50. Rb3 Qxc5 51. Qa2 Qc8 52. Rd3 Qc5 53. Be6 a4 54. Bc4
Rf8 55. Rd2 Rb8 56. Bf7 Qe3 57. Re2 Qxe2+ 58. Qxe2 Rb2 59. Qxb2 Bxb2 60. Kxg3
Kg7 61. Bd5 Kf6 62. f4 g5 63. e5+ dxe5 64. fxg5+ Kxg5 65. Kf3 Kh4 66. Be6 a3 67.
Kf2 Bc3 68. Kf3 Bd4 69. Kg2 e4 70. Kf1 Kg3 71. Ke2 h4 72. Kf1 Kf3 73. Ke1 Bc3+
74. Kf1 Ke3 75. Bd5 Kd2 0-1

[Event "China zt 3.5 2014"]
[Site "Zhongshan CHN"]
[Date "2014.11.02"]
[Round "8.13"]
[White "Wang, Chen"]
[Black "Li, Di"]
[Result "0-1"]
[WhiteTitle "IM"]
[BlackTitle "FM"]
[WhiteElo "2508"]
[BlackElo "2189"]
[WhiteFideId "8601020"]
[BlackFideId "8607508"]
[EventDate "2014.10.26"]

1. b3 b6 2. d4 Nf6 3. c4 e6 4. Nf3 Bb7 5. e3 Bb4+ 6. Nbd2 Bc3 7. Rb1 Be4 8. Bb2
Bxb1 9. Bxc3 Bg6 10. Ne5 O-O 11. h4 Ne4 12. Bb4 c5 13. Ba3 Nxd2 14. Qxd2 d6 15.
Nxg6 fxg6 16. h5 gxh5 17. Rxh5 g6 18. Rh3 Nd7 19. dxc5 bxc5 20. Bb2 Nf6 21. f3
Qe7 22. g4 Rad8 23. g5 Nh5 24. f4 d5 25. Be5 Rf5 26. Qg2 Rxe5 27. fxe5 Qc7 0-1

[Event "China zt 3.5 2014"]
[Site "Zhongshan CHN"]
[Date "2014.11.02"]
[Round "8.15"]
[White "Lan, Zilun"]
[Black "Fang, Yuxiang"]
[Result "1/2-1/2"]
[WhiteElo "2147"]
[BlackElo "2325"]
[WhiteFideId "8604193"]
[BlackFideId "8605840"]
[EventDate "2014.10.26"]

1. d4 d5 2. c4 c6 3. Nf3 Nf6 4. cxd5 cxd5 5. Bf4 Nc6 6. Nc3 Bf5 7. e3 e6 8. Bd3
Bg6 9. O-O Be7 10. Bxg6 hxg6 11. Qb3 Qb6 12. Rfc1 O-O 13. h3 Rfc8 14. Qxb6 axb6
15. Kf1 Nb4 16. Ne1 Ne4 17. Nxe4 dxe4 18. a3 Nd5 19. Bg3 b5 20. Rxc8+ Rxc8 21.
Ke2 Nb6 22. Kd1 Na4 23. Rb1 Kf8 24. f3 f5 25. fxe4 fxe4 26. Nc2 Nb6 27. Be1 Nd5
28. Rc1 Nb6 29. Bb4 Nc4 30. Bxe7+ Kxe7 31. Rb1 Nd6 32. Rc1 Rf8 33. Ke2 Nf5 34.
Ne1 Ng3+ 35. Kd1 Kd6 36. Rc5 Rf5 37. Rc8 Rf2 38. Rc2 Rf1 39. Rc5 Rf5 40. Rc8 g5
41. Rd8+ Kc7 42. Re8 Kd7 43. Rb8 Kc7 44. Re8 1/2-1/2

[Event "China zt 3.5 2014"]
[Site "Zhongshan CHN"]
[Date "2014.11.02"]
[Round "8.16"]
[White "Xiang, Zeyu"]
[Black "Fang, Yan"]
[Result "1/2-1/2"]
[WhiteElo "2107"]
[BlackElo "2267"]
[WhiteFideId "8608547"]
[BlackFideId "8604746"]
[EventDate "2014.10.26"]

1. d4 d6 2. Nf3 Bg4 3. e4 Nd7 4. h3 Bh5 5. Nc3 e5 6. Be2 Ngf6 7. O-O Be7 8. b3
O-O 9. Bb2 Re8 10. Re1 Bf8 11. Qd2 c6 12. Rad1 Qc7 13. Nh4 Bxe2 14. Rxe2 b5 15.
Nf5 b4 16. Na4 exd4 17. Qxd4 Re6 18. Qxb4 d5 19. Qc3 Nxe4 20. Rxe4 Rxe4 21. Nxg7
d4 22. Rxd4 Bxg7 23. Rxd7 Bxc3 24. Rxc7 Rxa4 25. Bxc3 Rxa2 26. Bd4 Rxc2 27. Bxa7
Kg7 28. b4 1/2-1/2

[Event "China zt 3.5 2014"]
[Site "Zhongshan CHN"]
[Date "2014.11.02"]
[Round "8.17"]
[White "Chen, Qi b"]
[Black "Bao, Qilin"]
[Result "1/2-1/2"]
[WhiteElo "1925"]
[BlackElo "2249"]
[WhiteFideId "8614733"]
[BlackFideId "8605750"]
[EventDate "2014.10.26"]

1. e4 c5 2. Nf3 d6 3. Nc3 Nc6 4. d4 cxd4 5. Nxd4 Nf6 6. Bc4 Qb6 7. Nxc6 bxc6 8.
O-O e6 9. Qe2 Be7 10. e5 dxe5 11. Qxe5 O-O 12. b3 Nd5 13. Bb2 Bf6 14. Qg3 Nxc3
15. Bxc3 Bxc3 16. Qxc3 Ba6 17. Bxa6 Qxa6 18. Rfd1 Rad8 19. Qf3 h6 20. g3 c5 21.
a4 Qa5 22. Qe3 Qb4 23. Rd3 Rd5 24. Rad1 Rf5 25. Rc3 Rc8 26. Rc4 Qb7 27. Rd3 Qc6
28. Rg4 Kh8 29. Rf4 Rxf4 30. Qxf4 Kg8 31. Qc4 Qc7 32. Qa6 g6 33. Qd6 Kg7 34.
Qxc7 Rxc7 35. Kf1 Kf6 36. Ke2 c4 37. Rf3+ Ke7 38. Kd2 e5 39. Rc3 Kd6 40. bxc4
Kc5 41. Rd3 e4 42. Rb3 Kd4 43. a5 f5 44. Rb8 Kxc4 45. Rh8 h5 46. Rg8 Rc6 47. Rg7
Ra6 48. Rc7+ Kd4 49. Rg7 Ke5 50. c4 Kd4 51. c5 Kxc5 52. Ke3 Kd5 53. Kf4 Kd4 54.
Rd7+ Kc4 55. Kg5 Kb4 56. h4 Kxa5 57. Rb7 Ka4 58. Kh6 Ka3 59. Kg5 Ka2 60. Kh6 Ka1
61. Kg5 Ra2 62. Kxg6 Rxf2 63. Rxa7+ Kb2 64. Kxh5 Kc3 65. Kg6 e3 66. h5 e2 67.
Re7 Kd2 68. Rd7+ Ke1 69. h6 Rh2 70. Re7 Kf2 71. Kxf5 Rxh6 72. g4 Rh3 73. Rxe2+
Kxe2 74. g5 Rf3+ 75. Ke6 Rg3 76. Kf6 Kf3 77. g6 Kg4 78. g7 Kh5 79. Kf7 Rf3+ 80.
Ke7 Re3+ 1/2-1/2

[Event "China zt 3.5 2014"]
[Site "Zhongshan CHN"]
[Date "2014.11.02"]
[Round "8.18"]
[White "Zhao, Zhouqiao CHN"]
[Black "Zhang, Ziji"]
[Result "0-1"]
[WhiteTitle "FM"]
[WhiteElo "2228"]
[BlackElo "2190"]
[WhiteFideId "8608342"]
[BlackFideId "8609470"]
[EventDate "2014.10.26"]

1. d4 d5 2. Nc3 e6 3. e4 Bb4 4. Qg4 Nf6 5. Qxg7 Rg8 6. Qh6 dxe4 7. Ne2 Rg6 8.
Qe3 Nc6 9. Bd2 Bxc3 10. Bxc3 Ne7 11. Bd2 Bd7 12. Ng3 Bc6 13. c4 Qd7 14. Qc3
O-O-O 15. Be3 Ng4 16. O-O-O f5 17. Ne2 e5 18. Rd2 Rd6 19. h3 exd4 20. Nxd4 Nxe3
21. fxe3 f4 22. Nb3 Rxd2 23. Qxd2 Qxd2+ 24. Nxd2 fxe3 25. Nb1 Ng6 26. Be2 Nf4
27. Re1 Nxg2 28. Bg4+ Bd7 29. Re2 Bxg4 30. hxg4 Rf8 31. Nc3 Rf1+ 32. Kc2 Rf4 33.
Nd5 Rxg4 34. Nf6 Rg7 35. Kc3 c5 36. Nxe4 Re7 37. Nxc5 Nf4 38. Re1 e2 39. Kd2 h5
40. Nb3 Rd7+ 41. Kc2 h4 42. Nd2 h3 43. Nf3 Rd3 44. Nh2 Rg3 45. Kd2 Kc7 46. Rh1
Kb6 47. Ke1 Rg2 48. Kd2 Nd3 49. Kxd3 Rxh2 50. Re1 Rg2 51. Ke3 h2 52. Rh1 Rg1 0-1

[Event "China zt 3.5 2014"]
[Site "Zhongshan CHN"]
[Date "2014.11.02"]
[Round "8.19"]
[White "Yang, Jie"]
[Black "Li, Hanbin"]
[Result "0-1"]
[WhiteElo "2325"]
[BlackElo "2257"]
[WhiteFideId "8602336"]
[BlackFideId "8602670"]
[EventDate "2014.10.26"]

1. c4 e6 2. Nf3 d5 3. d4 c6 4. e3 Nf6 5. Nc3 Nbd7 6. Qc2 Bd6 7. Bd3 dxc4 8. Bxc4
b5 9. Be2 Bb7 10. O-O O-O 11. e4 e5 12. Rd1 Qc7 13. g3 Rfe8 14. a3 a5 15. Bg5 h6
16. dxe5 Bxe5 17. Nxe5 Qxe5 18. Bf4 Qc5 19. Bd6 Qb6 20. b4 axb4 21. axb4 Rxa1
22. Rxa1 c5 23. bxc5 Nxc5 24. Nxb5 Ncxe4 25. Bf3 Qxb5 26. Bf4 Ng5 0-1

[Event "China zt 3.5 2014"]
[Site "Zhongshan CHN"]
[Date "2014.11.02"]
[Round "8.20"]
[White "Huang, Zhi"]
[Black "Xu, Zhihang"]
[Result "0-1"]
[WhiteElo "2107"]
[BlackElo "2119"]
[WhiteFideId "8608920"]
[BlackFideId "8611572"]
[EventDate "2014.10.26"]

1. Nf3 Nf6 2. g3 e6 3. Bg2 d5 4. d4 Be7 5. O-O O-O 6. c4 c6 7. Nbd2 b6 8. b3 Bb7
9. Bb2 Nbd7 10. Rc1 Rc8 11. Re1 Re8 12. Ne5 c5 13. Nxd7 Qxd7 14. dxc5 bxc5 15.
e3 Red8 16. Qe2 Ba6 17. Red1 Qc7 18. e4 d4 19. e5 Nd7 20. f4 Bb7 21. Ne4 a5 22.
Rb1 a4 23. Ba1 Rb8 24. b4 cxb4 25. Bxd4 Bxe4 26. Qxe4 Qxc4 27. Rdc1 Qxa2 28. Ba7
Rbc8 29. Rd1 Qc2 30. Qxc2 Rxc2 31. f5 exf5 32. Bd4 Nf8 33. Kf1 a3 0-1

[Event "China zt 3.5 2014"]
[Site "Zhongshan CHN"]
[Date "2014.11.02"]
[Round "8.21"]
[White "Yu, Kaifeng"]
[Black "Shen, Chenyi"]
[Result "0-1"]
[WhiteTitle "FM"]
[WhiteElo "2123"]
[BlackElo "2066"]
[WhiteFideId "8609667"]
[BlackFideId "8609071"]
[EventDate "2014.10.26"]

1. d4 e6 2. c4 Nf6 3. Nf3 b6 4. g3 Bb7 5. Bg2 Be7 6. O-O O-O 7. Nc3 Ne4 8. Qc2
Nxc3 9. Qxc3 c5 10. dxc5 bxc5 11. Bf4 d6 12. Rad1 Qb6 13. Rd2 e5 14. Bg5 f6 15.
Be3 Nc6 16. g4 f5 17. gxf5 Rxf5 18. Bh3 Rf6 19. Nh4 h6 20. Nf5 Raf8 21. Ng3 Nd4
22. Qd3 Qc6 23. f3 Qe8 24. Bg4 Rg6 25. Rdd1 h5 26. Nxh5 e4 27. Qb1 exf3 28. h3
fxe2 29. Rxf8+ Bxf8 30. Rxd4 cxd4 31. Bd2 Qe6 32. Nf4 Rxg4+ 33. hxg4 Qxg4+ 34.
Kf2 Qf3+ 35. Kg1 Qh1+ 36. Kf2 Qxb1 0-1

[Event "China zt 3.5 2014"]
[Site "Zhongshan CHN"]
[Date "2014.11.02"]
[Round "8.22"]
[White "Liu, Zhaoqi"]
[Black "Lin, Yi"]
[Result "1/2-1/2"]
[WhiteElo "2073"]
[BlackElo "2013"]
[WhiteFideId "8609381"]
[BlackFideId "8609659"]
[EventDate "2014.10.26"]

1. c4 Nf6 2. Nc3 d5 3. cxd5 Nxd5 4. g3 Nxc3 5. bxc3 g6 6. Bg2 Bg7 7. Rb1 O-O 8.
h4 h6 9. Qc2 c5 10. Nf3 Nc6 11. O-O Bf5 12. e4 Be6 13. d3 b6 14. Be3 Rc8 15. Qd2
Kh7 16. h5 g5 17. d4 g4 18. Nh4 cxd4 19. cxd4 Nxd4 20. Rbd1 Nc2 21. Qe2 Qc7 22.
Nf5 Bxf5 23. exf5 Nxe3 24. Qxe3 1/2-1/2

[Event "China zt 3.5 2014"]
[Site "Zhongshan CHN"]
[Date "2014.11.02"]
[Round "8.23"]
[White "Peng, Hongchi"]
[Black "Wang, Jiaqi"]
[Result "1-0"]
[WhiteElo "2144"]
[BlackElo "1844"]
[WhiteFideId "8609047"]
[BlackFideId "8609128"]
[EventDate "2014.10.26"]

1. d4 d6 2. Nf3 Nf6 3. c4 g6 4. Nc3 Bg7 5. Bg5 O-O 6. e3 Bf5 7. Be2 Ne4 8. Nxe4
Bxe4 9. O-O Bxf3 10. Bxf3 c6 11. b4 Nd7 12. Rb1 Bf6 13. Bxf6 Nxf6 14. b5 Qc7 15.
bxc6 bxc6 16. Qa4 Rfc8 17. Qa6 Rab8 18. Rxb8 Rxb8 19. Qxc6 Qxc6 20. Bxc6 Rb2 21.
a4 Rc2 22. Bb5 Rc3 23. f3 Rxe3 24. Rc1 Kf8 25. c5 Ne8 26. Bxe8 Kxe8 27. c6 Kd8
28. Rb1 Rc3 29. Rb8+ Kc7 30. Rb7+ Kd8 31. d5 a5 32. Rd7+ Ke8 33. Ra7 e6 34. dxe6
fxe6 35. Rxh7 Rxc6 36. Rg7 Rc4 37. Rxg6 Rxa4 38. Rxe6+ Kd7 39. Re1 Rc4 40. g4 a4
41. g5 d5 42. Kf2 a3 43. g6 Rc2+ 44. Kf1 Rc6 45. Ra1 Rxg6 46. Rxa3 Rb6 47. Kf2
Ke6 48. Ra8 Rd6 49. Rh8 Kf5 50. Ke3 d4+ 51. Kd3 Kf4 52. Rf8+ Kg5 53. f4+ Kg4 54.
Ke4 d3 55. Rg8+ Kh3 56. Rg3+ Kxh2 57. Rxd3 Ra6 58. Ke5 Kg2 59. f5 Ra1 60. Kf6
Kf2 61. Ke7 Ke2 62. Rd7 Kf3 63. f6 Kg4 64. f7 1-0

[Event "China zt 3.5 2014"]
[Site "Zhongshan CHN"]
[Date "2014.11.02"]
[Round "8.25"]
[White "Teng, Jiarong"]
[Black "Yang, Yanqing"]
[Result "1-0"]
[WhiteElo "2092"]
[BlackElo "1992"]
[WhiteFideId "8609977"]
[BlackFideId "8613575"]
[EventDate "2014.10.26"]

1. e4 c5 2. Nf3 d6 3. d4 cxd4 4. Nxd4 Nf6 5. Nc3 a6 6. Be3 e5 7. Nb3 Be6 8. f3
Nbd7 9. Qd2 b5 10. g4 Nb6 11. g5 Nfd7 12. Na5 Rc8 13. O-O-O Qc7 14. Kb1 Nc4 15.
Nxc4 bxc4 16. Nd5 Qb7 17. Qc3 Bxd5 18. exd5 Qc7 19. Bh3 Be7 20. f4 O-O 21. fxe5
dxe5 22. d6 Bxd6 23. Qd2 Bc5 24. Bxd7 Rb8 25. Bxc5 Qxc5 26. Qc3 Rfd8 27. Rhe1
Qe7 28. Qxe5 Qb4 29. Ka1 g6 30. a3 Qb7 31. Bg4 Qg2 32. Qe2 Qc6 33. Rxd8+ Rxd8
34. Qe7 Rb8 35. Qf6 Qg2 36. Re7 Qh1+ 37. Ka2 Qd5 38. Be6 1-0

[Event "China zt 3.5 2014"]
[Site "Zhongshan CHN"]
[Date "2014.11.02"]
[Round "8.26"]
[White "Zhou, Xiangheng"]
[Black "Yan, Xuesong"]
[Result "0-1"]
[WhiteElo "1682"]
[BlackElo "1900"]
[WhiteFideId "8607907"]
[BlackFideId "8609764"]
[EventDate "2014.10.26"]

1. e4 c5 2. Nf3 e6 3. d4 cxd4 4. Nxd4 a6 5. Bd3 Bc5 6. Nb3 Ba7 7. O-O Nc6 8. Qe2
d6 9. Be3 Nf6 10. h3 O-O 11. a4 Bxe3 12. Qxe3 e5 13. Nc3 Be6 14. Rad1 Qc7 15.
Be2 Rfd8 16. Nd5 Bxd5 17. exd5 Ne7 18. c4 b6 19. Bd3 Ng6 20. g3 Nd7 21. Nd2 a5
22. Be4 Nc5 23. b3 Rf8 24. Bg2 f5 25. f4 Rae8 26. Qc3 Qd8 27. fxe5 Nxe5 28. Rde1
Qg5 29. Qe3 Qg6 30. Re2 Nxc4 31. Qf2 Rxe2 32. Qxe2 Nxd2 33. Qxd2 Qxg3 0-1

[Event "China zt 3.5 2014"]
[Site "Zhongshan CHN"]
[Date "2014.11.02"]
[Round "8.27"]
[White "Luanchen, Yuantai"]
[Black "Wu, Xibin"]
[Result "0-1"]
[BlackTitle "IM"]
[WhiteElo "1510"]
[BlackElo "2278"]
[WhiteFideId "8614644"]
[BlackFideId "8600309"]
[EventDate "2014.10.26"]

1. d4 Nf6 2. c4 g6 3. Nc3 Bg7 4. Nf3 O-O 5. e4 d6 6. Be2 e5 7. O-O Nc6 8. d5 Ne7
9. b4 a5 10. c5 axb4 11. cxd6 cxd6 12. Nb5 Nxe4 13. Qb3 Qa5 14. Bb2 Nc5 15. Qd1
Qb6 16. Nd2 Bd7 0-1

[Event "China zt 3.5 2014"]
[Site "Zhongshan CHN"]
[Date "2014.11.03"]
[Round "9.2"]
[White "Zhao, Jun"]
[Black "Gao, Rui"]
[Result "1-0"]
[WhiteTitle "GM"]
[BlackTitle "GM"]
[WhiteElo "2578"]
[BlackElo "2523"]
[WhiteFideId "8602522"]
[BlackFideId "8602387"]
[EventDate "2014.10.26"]

1. c4 Nf6 2. Nc3 e5 3. g3 Bb4 4. Bg2 O-O 5. d3 Re8 6. Bd2 c6 7. Nf3 d5 8. O-O d4
9. Ne4 Bxd2 10. Nxf6+ Qxf6 11. Nxd2 Qe7 12. Re1 Be6 13. e3 dxe3 14. Rxe3 Nd7 15.
Qc2 Rad8 16. Rae1 f6 17. Qc3 Qf8 18. b4 Bf5 19. Nb3 Rb8 20. d4 Qf7 21. dxe5 Nxe5
22. f4 Nd3 23. R1e2 Rxe3 24. Rxe3 Re8 25. Rxd3 Bxd3 26. Qxd3 Qe7 27. b5 Rd8 28.
Qe4 Qa3 29. bxc6 bxc6 30. Qe2 Qd6 31. c5 Qd7 32. h3 Re8 33. Qc4+ Kh8 34. Nd4 Qe7
35. Kh2 h5 36. Nxc6 Qe1 37. Qf7 Re2 38. Qxh5+ Kg8 39. Qd5+ Kh7 40. Nd4 Rd2 41.
c6 1-0

[Event "China zt 3.5 2014"]
[Site "Zhongshan CHN"]
[Date "2014.11.03"]
[Round "9.3"]
[White "Bu, Xiangzhi"]
[Black "Wang, Yiye"]
[Result "1/2-1/2"]
[WhiteTitle "GM"]
[BlackTitle "IM"]
[WhiteElo "2710"]
[BlackElo "2422"]
[WhiteFideId "8601445"]
[BlackFideId "8606021"]
[EventDate "2014.10.26"]

1. Nf3 Nf6 2. c4 c6 3. Nc3 d5 4. e3 g6 5. d4 Bg7 6. Be2 O-O 7. O-O a6 8. b3 b5
9. Ne5 Ne4 10. Nxe4 dxe4 11. Qc2 f6 12. Nxc6 Nxc6 13. cxb5 Nb4 14. Qc4+ Nd5 15.
Qc6 Ra7 16. bxa6 e6 17. Bd2 Qb6 18. Qxb6 Nxb6 19. Bb4 Rff7 20. Rfc1 Bxa6 21.
Bxa6 Rxa6 22. Rc6 Rfa7 23. Bc5 Rxa2 24. Rf1 Rb7 25. Bxb6 Ra6 26. Rc8+ Kf7 27.
Rc7+ Rxc7 28. Bxc7 Bf8 29. g4 Ra7 30. Rc1 Rb7 31. Bd8 f5 32. gxf5 exf5 33. Rc7+
Rxc7 34. Bxc7 Ke6 35. Kg2 Be7 36. Kg3 g5 37. h3 Kd5 38. h4 gxh4+ 39. Kh3 Kc6 40.
Bf4 Kd5 41. Bb8 Kc6 42. Ba7 Kd5 43. Bc5 Bd8 44. b4 Kc4 45. Bf8 Bf6 46. Bd6 Bg5
47. Kg2 h5 48. Kh3 Bd8 49. Kh2 Kd5 50. Bc5 Kc4 51. Kg2 Bg5 52. Bd6 Bf6 53. f4
exf3+ 54. Kxf3 Bg5 55. e4 fxe4+ 56. Kxe4 h3 57. d5 Be7 1/2-1/2

[Event "China zt 3.5 2014"]
[Site "Zhongshan CHN"]
[Date "2014.11.03"]
[Round "9.4"]
[White "Bai, Jinshi"]
[Black "Zhou, Jianchao"]
[Result "0-1"]
[WhiteTitle "IM"]
[BlackTitle "GM"]
[WhiteElo "2406"]
[BlackElo "2580"]
[WhiteFideId "8602280"]
[BlackFideId "8603537"]
[EventDate "2014.10.26"]

1. d4 Nf6 2. c4 e6 3. g3 Bb4+ 4. Bd2 Be7 5. Bg2 d5 6. Nf3 O-O 7. O-O Nbd7 8. Qb3
c6 9. Rc1 a5 10. Nc3 a4 11. Nxa4 dxc4 12. Qc2 b5 13. Nc3 Ba6 14. e3 Rc8 15. b3
b4 16. Na4 c3 17. Be1 c5 18. a3 bxa3 19. Bxc3 Nd5 20. Qd2 Nxc3 21. Nxc3 cxd4 22.
Nxd4 Ne5 23. Nb1 Rxc1+ 24. Qxc1 Nd3 25. Qd1 Nxf2 26. Kxf2 e5 27. Nxa3 exd4 28.
exd4 Bf6 29. Nc2 Qb6 30. Qd2 Rc8 31. Ra4 g6 32. Bd5 Bg5 33. Qxg5 Rxc2+ 34. Kf3
Bb7 35. Ke3 Rb2 36. Qe5 Rxb3+ 37. Kf4 Bxd5 38. Qxd5 Qf6+ 39. Kg4 h5+ 40. Kh3 Rb2
41. Ra8+ Kh7 42. Ra1 g5 43. Qe4+ Kh6 44. g4 Qf2 45. gxh5 Rb3+ 46. Kg4 f5+ 0-1

[Event "China zt 3.5 2014"]
[Site "Zhongshan CHN"]
[Date "2014.11.03"]
[Round "9.5"]
[White "Wang, Jue"]
[Black "Xu, Yinglun"]
[Result "1/2-1/2"]
[WhiteTitle "WGM"]
[WhiteElo "2353"]
[BlackElo "2410"]
[WhiteFideId "8604070"]
[BlackFideId "8604940"]
[EventDate "2014.10.26"]

1. e4 c5 2. Nf3 e6 3. d4 cxd4 4. Nxd4 Nc6 5. Nc3 d6 6. Be3 a6 7. Qd2 Nge7 8. Nb3
b5 9. O-O-O Ng6 10. f4 Be7 11. g3 Na5 12. Nxa5 Qxa5 13. Kb1 Bb7 14. Bg2 b4 15.
Ne2 O-O 16. h4 Rfb8 17. h5 Nf8 18. Nd4 Qc7 19. g4 Nd7 20. g5 Nc5 21. g6 Bf6 22.
gxf7+ Kxf7 23. f5 Nxe4 24. fxe6+ Kg8 25. Bxe4 Bxe4 26. Rhg1 Rb7 27. Rdf1 Be5 28.
h6 g6 29. Rf7 Qc4 30. Qf2 Bxd4 31. Rxb7 Qxe6 32. Bxd4 Bxb7 33. Re1 Qf7 34. Qh4
Rf8 35. Bg7 Re8 36. Rxe8+ Qxe8 37. Qxb4 Qe4 38. Qb3+ Qd5 39. Qxd5+ Bxd5 40. b3
Kf7 41. c4 Bc6 1/2-1/2

[Event "China zt 3.5 2014"]
[Site "Zhongshan CHN"]
[Date "2014.11.03"]
[Round "9.6"]
[White "Ju, Wenjun"]
[Black "Ma, Zhonghan"]
[Result "1/2-1/2"]
[WhiteTitle "WGM"]
[WhiteElo "2582"]
[BlackElo "2471"]
[WhiteFideId "8603006"]
[BlackFideId "8607206"]
[EventDate "2014.10.26"]

1. d4 Nf6 2. c4 e6 3. Nc3 Bb4 4. f3 d5 5. a3 Bxc3+ 6. bxc3 c5 7. cxd5 Nxd5 8.
dxc5 f5 9. Qc2 O-O 10. e4 fxe4 11. fxe4 Qf6 12. Nf3 Qxc3+ 13. Qxc3 Nxc3 14. Bd3
b6 15. Be3 Ba6 16. Bxa6 Nxa6 17. cxb6 axb6 18. Rc1 Nxe4 19. Bxb6 Nb8 20. O-O Nd7
21. Bd4 Rxa3 22. Rfe1 Ndf6 23. Rc7 Nd6 24. Bc5 Ra6 25. Rxe6 Ra1+ 26. Re1 Rxe1+
27. Nxe1 Re8 28. Nf3 Nf5 29. h3 Ne4 30. g4 Nxc5 1/2-1/2

[Event "China zt 3.5 2014"]
[Site "Zhongshan CHN"]
[Date "2014.11.03"]
[Round "9.7"]
[White "Xiu, Deshun"]
[Black "Wan, Yunguo"]
[Result "1/2-1/2"]
[WhiteTitle "GM"]
[BlackTitle "IM"]
[WhiteElo "2553"]
[BlackElo "2489"]
[WhiteFideId "8603693"]
[BlackFideId "8603189"]
[EventDate "2014.10.26"]

1. Nf3 g6 2. e4 c5 3. c3 Bg7 4. d4 cxd4 5. cxd4 d5 6. e5 Nc6 7. Bb5 Bg4 8. O-O
e6 9. Bxc6+ bxc6 10. Nbd2 Ne7 11. h3 Bxf3 12. Nxf3 Qb6 13. Qa4 O-O 14. b3 Qb5
15. Ba3 Rfe8 16. Rfc1 Bf8 17. Qxb5 cxb5 18. Rc7 Nf5 19. Bxf8 Kxf8 20. Rac1 h6
21. R1c6 Ne7 22. Ra6 Rec8 23. Rb7 Rc1+ 24. Kh2 Rc2 25. Rxb5 Rxf2 26. Rb7 Nf5 27.
Rc6 Ne3 28. Rcc7 Rxg2+ 29. Kh1 Rg3 30. Rxf7+ Kg8 31. Rg7+ Kh8 32. Rh7+ Kg8 33.
Rbg7+ Kf8 34. Rc7 Kg8 35. Rhg7+ Kh8 36. Rh7+ Kg8 1/2-1/2